Polska 0:0 Niemcy FG EURO 2016 XI - Statystyki

Ogólne statystyki
  • Ten quiz został rozwiązany 276 razy
  • Średni wynik to 21 z 29
Statystyki odpowiedzi
POL/GER # piłkarz % Poprawnych
N (c) 9 Robert Lewandowski
99%
POL B 22 Łukasz Fabiański
98%
N 7 Arkadiusz Milik
97%
ŚO 15 Kamil Glik
97%
PO 20 Łukasz Piszczek
96%
ŚO 2 Michał Pazdan
95%
LP 11 Kamil Grosicki
94%
ŚP 10 Grzegorz Krychowiak
93%
GER B (c) 1 Manuel Neuer
93%
PP 16 Jakub Błaszczykowski
92%
Selekcjoner - Adam Nawałka
91%
PP 13 Thomas Muller
81%
LO 3 Artur Jędrzejczyk
80%
ŚP 5 Krzysztof Mączyński
79%
ŚO 17 Jerome Boateng
76%
ŚO 5 Mats Hummels
74%
Selekcjoner - Joachim Low
67%
ŚP 18 Toni Kroos
66%
2 zmiana 80' 21 Bartosz Kapustka
58%
3 zmiana 87' 17 Sławomir Peszko
58%
N 19 Mario Gotze
56%
ŚOP 8 Mesut Ozil
54%
1 zmiana 76' 6 Tomasz Jodłowiec
53%
2 zmiana 71' 23 Mario Gomez
48%
ŚP 6 Sami Khedira
45%
1 zmiana 65' 9 Andre Schurrle
37%
LO 3 Jonas Hector
37%
PO 4 Benedikt Howedes
30%
LP 11 Julian Draxler
15%
Nie znaleziono quizów pasujących do podanych kryteriów
Rozkład punktacji
Procent ludzi z każdym wynikiem
Percentyl według liczby udzielonych odpowiedzi
Twoja historia wyników
Nie rozwiązałeś tego quizu